| 000 -LEADER |
| fixed length control field |
00569nam a2200181Ia 4500 |
| 020 ## - INTERNATIONAL STANDARD BOOK NUMBER |
| ISBN |
0195092570 (pbk.) |
| 040 ## - CATALOGING SOURCE |
| Transcribing agency |
WST |
| 082 ## - DEWEY DECIMAL CLASSIFICATION NUMBER |
| Classification number |
345 OXF 1995 A020 Or. |
| 100 1# - MAIN ENTRY--AUTHOR NAME |
| Personal name |
Haley, John Owen |
| 245 10 - TITLE STATEMENT |
| Title |
Authority without power : |
| Remainder of title |
law and the Japanese paradox / |
| 246 3# - VARYING FORM OF TITLE |
| Title proper/short title |
Law and the Japanese paradox |
| 260 ## - PUBLICATION, DISTRIBUTION, ETC. (IMPRINT) |
| Place of publication |
New York : |
| Name of publisher |
Oxford University Press, |
| Year of publication |
1995, c1991 |
| 300 ## - PHYSICAL DESCRIPTION |
| Number of Pages |
x, 258 p. : |
| Other physical details |
ill. ; |
| Dimensions |
24 cm |
| 500 ## - GENERAL NOTE |
| General note |
"First published as an Oxford University Press Paperback, 1995"--Verso t.p |
| 650 #0 - SUBJECT ADDED ENTRY--TOPICAL TERM |
| Topical Term |
Law |
| 650 #0 - SUBJECT ADDED ENTRY--TOPICAL TERM |
| Topical Term |
Social control |
| 942 ## - ADDED ENTRY ELEMENTS (KOHA) |
| Koha item type |
សៀវភៅភាសាអង់គ្លេស |
| 952 ## - LOCATION AND ITEM INFORMATION (KOHA) |
| Withdrawn status [LOCAL, KOHA] |
0 |